| 000 | 00572nam a2200229Ia 4500 | ||
|---|---|---|---|
| 003 | OSt | ||
| 005 | 20221005130945.0 | ||
| 006 | a|||||r|||| 00| 0 | ||
| 007 | ta | ||
| 008 | 221004b |||||||| |||| 00| 0 kan d | ||
| 024 | _a58566 | ||
| 037 | _cTextual | ||
| 040 |
_aCRL _cCRL _bkan |
||
| 041 |
_2kan _akan |
||
| 082 | _aR635, 32L9 | ||
| 100 |
_aSivananda Swami Au. _9638913 |
||
| 245 | 0 | _aSatsangavum swadhyayavum | |
| 260 | _c1979 | ||
| 650 | _aPHILOSOPHY | ||
| 942 |
_hR635, 32L9 _cTEXL _2cc |
||
| 999 |
_c1058918 _d1058918 |
||